| 000 | 00700nam a2200229Ia 4500 | ||
|---|---|---|---|
| 005 | 20220829114544.0 | ||
| 008 | 210716s2010 xx 000 0 und d | ||
| 020 | _a9788184894776 | ||
| 040 | _cAIMIT LIBRARY | ||
| 041 | _aeng | ||
| 082 |
_a574.80285 _21 _bPOLA |
||
| 100 |
_aPolanski, Andrzej. _955871 |
||
| 245 |
_aBioinformatics / _cBy Andrzej Polanski and Marek Kimmel. |
||
| 250 | _a1st ed. | ||
| 260 |
_aNew Delhi : _bSpringer , _c2010. |
||
| 300 |
_axvii, 376p. ; _c23.5 cm. |
||
| 650 |
_aMathematical and computational methods _955872 |
||
| 650 |
_aApplications _955873 |
||
| 650 |
_aDNA Microarrays _955874 |
||
| 700 |
_aKimmel, Marek. _955875 |
||
| 942 |
_2ddc _cBK _e1st _k574.80285 POLA |
||
| 999 |
_c194410 _d194410 |
||